LEADER 03522nam1 22006853i 450 001 NAP0323954 005 20251003044247.0 100 $a20100823g1966 ||||0itac50 ba 101 | $aita 102 $ait 181 1$6z01$ai $bxxxe 182 1$6z01$an 183 1$6z01$anc$2RDAcarrier 200 1 $aOpere scientifiche$fdi René Descartes 210 $aTorino$cUnione tipografico-editrice torinese 215 $avolumi$d24 cm 225 | $aClassici della scienza 410 0$1001CFI0109626$12001 $aClassici della scienza 463 1$1001NAP0323937$12001 $aˆ1: La ‰Biologia$fdi Rene Descartes$ga cura di Gianni Micheli$v1 463 1$1001NAP0935904$12001 $aˆ1: La ‰biologia$fRene Descartes$ga cura di Gianni Micheli 463 1$1001UAN0142184$12001 $aˆ1: La ‰biologia$fRené Descartes$ga cura di Gianni Micheli$v1 463 1$1001UFI0083333$12001 $aˆ1: La ‰biologia$fRene Descartes$ga cura di Gianni Micheli$v1 463 1$1001UFI0083345$12001 $aˆ2: ‰Discorso sul metodo$aLa diottrica$aLe meteore$aLa geometria$fdi René Descartes$ga cura di Ettore Lojacono$v2 606 $aDESCARTES, RENE$xOpere$2FIR$3RAVC006337$9I 676 $a194$9Filosofia occidentale moderna. Francia$v14 676 $a194$9FILOSOFIA OCCIDENTALE MODERNA. FRANCIA$v21 676 $a501$9SCIENZE PURE. FILOSOFIA E TEORIA$v19 676 $a501$9SCIENZE PURE. FILOSOFIA E TEORIA$v20 676 $a501$9SCIENZE NATURALI E MATEMATICA. FILOSOFIA E TEORIA$v21 676 $a501$9Scienze naturali e matematica. Filosofia e teoria$v22 676 $a509.03$9SCIENZE NATURALI E MATEMATICA . Eta moderna, 1500-$v21 676 $a510$9Matematica$v11 676 $a574$9$v21 700 1$aDescartes$b, René$3CFIV009080$4070$0340660 790 1$aDes Cartes$b, Renatus$3CFIV162714$zDescartes, René 790 1$aDes Cartes$b, Renato$3CFIV206879$zDescartes, René 790 1$aCartesio$b, Renato$3IEIV082579$zDescartes, René 790 0$aCartesio$3NAPV068936$zDescartes, René 801 3$aIT$bIT-000000$c20100823 850 $aIT-BN0095 $aIT-NA0613 $aIT-NA0611 $aIT-NA0243 $aIT-NA0537 $aIT-AV0001 $aIT-AV0003 $aIT-AV0007 $aIT-NA0079 $aIT-NA0070 $aIT-CE0068 $aIT-NA0228 $aIT-NA0768 $aIT-NA0261 $aIT-NA0666 $aIT-AV0045 901 $bNAP MV$cR $nSala Padri 901 $bNAP MV$cC $nCINEMA MUSICA TEATRO SALA C 901 $bNAP AV$cSALA C $nSala consultazione 901 $bNAP 43$cBIBLIOTECA$nComprende materiale librario di vari ambiti diciplinari 901 $bNAP BU$c2 B $nPropedeutica. Formato cm. 20,1-28. 901 $bNAP GV$cF.MARTANO $n$ 901 $bNAP 13$cBIBLIOTECA$nSezione unica che conserva materiale librario di vario argomento 901 $bNAP AL$cCARUSO $n$ 901 $bNAP CP$cFM $n$ 901 $bNAP 67$cSALA B $nComprende monografie di vario argomento 901 $bNAP 68$cSCIENZE $n$ 901 $bNAP AR$cP. CICCONE$nDONAZIONE 901 $bNAP DO$cCAVEAU $n$ 901 $bNAP 67$cRUGGIERO $n$ 912 $aNAP0323954 950 1$aCentro Librario e Bibliotecario per la Diffusione della cultura$d 67SALA B B IV 9/7a$c1 v.$d 67RUGGIERO SPG XVII 52 967 $m5 977 $a 01$a 13$a 43$a 67$a 68$a AL$a AR$a AV$a BN$a BU$a CP$a DO$a FT$a GV$a MV 996 $aOpere scientifiche$973133 997 $aUNISANNIO